A TEXT BOOK OF PHARMACOLOGY- I (Record no. 5804)

MARC details
000 -LEADER
fixed length control field 00405nam a22001577a 4500
005 - DATE AND TIME OF LATEST TRANSACTION
control field 20210828140240.0
008 - FIXED-LENGTH DATA ELEMENTS--GENERAL INFORMATION
fixed length control field 190404b xxu||||| |||| 00| 0 eng d
020 ## - INTERNATIONAL STANDARD BOOK NUMBER
ISBN 978-93-88706-20-9
041 ## - LANGUAGE CODE
Language code of text/sound track or separate title eng
100 ## - MAIN ENTRY--AUTHOR NAME
Personal name BOTHARA, DR,K.G. AND BOTHARA, DR, K.K.
245 ## - TITLE STATEMENT
Title A TEXT BOOK OF PHARMACOLOGY- I
250 ## - EDITION STATEMENT
Edition statement 1st, 2019
260 ## - PUBLICATION, DISTRIBUTION, ETC. (IMPRINT)
Place of publication PUNE
Name of publisher NIRALI PRAKASHAN
300 ## - PHYSICAL DESCRIPTION
Number of Pages 22.12p,
942 ## - ADDED ENTRY ELEMENTS (KOHA)
Koha item type Books
Holdings
Lost status Damaged status Collection code Home library Current library Shelving location Date acquired Source of acquisition Cost, normal purchase price Full call number Accession Number Koha item type
    PHARMACY JRU Library JRU Library Shelf - 21- C 04/04/2019 PURCHESS 300.00 615.1 22591 Books
    Reference JRU Library JRU Library SHELF-4-A 04/04/2019 PURCHESS 300.00   22592 Books
    PHARMACY JRU Library JRU Library Shelf - 21- C 04/04/2019 PURCHESS 300.00 615.1 22593 Books